[Event "email op 15-005 MAPEJK"]
[Site "?"]
[Date "2008.??.??"]
[Round "?"]
[White "Sternik, Ryszard POL"]
[Black "Volpi, Davide ITA"]
[Result "1/2-1/2"]
[WhiteElo "1800"]
[BlackElo "2053"]
[Annotator "Sternik,Ryszard"]
[PlyCount "83"]

1. e4 c5 2. Nf3 Nc6 3. d4 cxd4 4. Nxd4 Nf6 5. Nc3 e5 6. Ndb5 d6 7. Bg5 a6 8.
Bxf6 gxf6 9. Na3 b5 10. Nd5 f5 11. Bd3 Be6 12. O-O (12. Qh5 Rg8 13. g3 Nd4 14.
c3 fxe4 15. Bxe4 Bg4 16. Qxh7 Rg7 17. Qh6 Nf3+ 18. Ke2 Ng5+ 19. f3 Nxe4 20.
fxg4 Qc8 21. Qe3 Qxg4+ 22. Qf3 Qxf3+ 23. Kxf3 f5 24. Nc2 Kf7 {
Asrian,K-Van Wely,L, Aeroflot op 2004 (remis-33)}) 12... Bxd5 13. exd5 Ne7 14.
c3 (14. c4 Bg7 15. Rb1 e4 16. Be2 O-O 17. cxb5 axb5 18. Bxb5 Bxb2 19. Nc4 Bg7
20. a4 f4 21. Kh1 f5 22. Bc6 Ra7 23. a5 Ng6 24. Rb7 Rxb7 25. Bxb7 Qc7 26. Qb3
Ne5 {Nijboer,F-Van Wely,L, Leeuwarden 2003 (remis-46)}) 14... Bg7 15. Qh5 e4
16. Bc2 O-O 17. Rae1 (17. Rad1 Rc8 18. Bb1 Rc5 19. Nc2 Nxd5 20. f4 Qb6 21. Kh1
a5 22. a3 b4 23. axb4 axb4 24. cxb4 Rxc2 25. Rxd5 Rxb2 26. b5 Rxb5 27. Bxe4
Rxd5 28. Bxd5 Qb5 {Solomon,S-Williams,L, Erewan ol 1996 (1:0-75)}) 17... Qc8
18. Kh1 {rozegrano modny obecnie wariant, ktorego Leko jest uznanym
specjalista. Plan bialych polega na przygotowaniu ataku na skrzydle krolewskim.
Ale zanim nastali g2-g4 trzeba najpierw zabezpieczyc Krola - Konikowski,J} (18.
f3 b4 19. cxb4 Bxb2 20. fxe4 Bxa3 21. Re3 Qxc2 22. Rg3+ Ng6 23. Rh3 Rfd8 24.
Qxh7+ Kf8 25. Rh5 Ne5 26. Rhxf5 Ra7 27. Rxe5 dxe5 28. Qh8+ Ke7 29. Qxe5+ Kf8
30. Qh8+ Ke7 {remis - Nataf,IA-Spasow,W, Calvia ol 2004}) 18... b4 ({
grywa sie tu obecnie} 18... Ng6 19. Bb1 Be5 {- Konikowwski,J}) (18... Rb8 $1
$146 {po godzinnym namysle. Ruch ten zostal uznany powszechnie za nowinke, ale
nieslusznie. W moim banku znalazlem bowiem na ten temat wczesniej grana partie
korespondencyjna - Konikowski,J} 19. f3 ({
w pozniejszej fazie finalowej Topalow zagral przeciwko Leko aktywniej} 19. g4
b4 20. cxb4 Nxd5 (20... Bxb2 21. gxf5 Bxa3 22. Rg1+ {z silnym atakiem}) 21.
gxf5 Kh8 22. Rg1 Bxb2 23. Qh6 Qc3 24. Rxe4 Qf6 25. Qh3 Rg8 26. Rf1 $2 (26. Qb3
{to bylo silniejsze wedlug Leko}) 26... Bxa3 27. Qxa3 Rbc8 28. Bd1 Nc3 29. Re3
d5 30. Rg3 d4 31. Bf3 d3 32. Qb2 Qd4 33. Rd1 Rxg3 34. hxg3 Rc4 {i partia zakonc
zyla sie ostatecznie zwyciestwem czarnych, choc Topalow mogl w pewnym momencie
ratowac sie wiecznym szachem - Konikowski,J}) (19. Bb3 {
natomiast w znanej mi partii korespondencyjne grano} Ng6 20. f4 exf3 21. Qxf3
f4 22. Nc2 a5 23. a3 Qd7 24. Re2 {
z remisem - Toro Solis de Ovando-Leotard 1998 - Konikowski,J})) 19. cxb4 $1
Bxb2 20. Re3 Nxd5 (20... f6 $8 {Cieszkowski,W} 21. g4 $1 Bxa3 22. gxf5 Rf7 $8
23. Rg1+ Rg7 24. Rxg7+ Kxg7 25. Rxa3 $6 (25. Rg3+ Kh8 26. Qf7 Qf8 27. Qxf8+
Rxf8 28. Rxa3 Nxd5 29. Bxe4 Nxb4 30. Ra4 d5 31. Bf3 $16 {Cieszkowski,W}) 25...
Qxc2 26. Rg3+ Ng6 $8 27. fxg6 h6 28. Qf5 $14 {
Cieszkowski,W-Krasenkow,M, Woskresiensk 1992 (remis-35)}) (20... Bxa3 $2 21.
Rh3 Rd8 22. Qxh7+ Kf8 23. Qh6+ Ke8 24. Ba4+ {Cieszkowski,W}) 21. Rg3+ (21. Rh3
Nf6 22. Qh6 Qe6 23. Bb3 d5 24. Nc2 Rfd8 25. f3 exf3 26. Rhxf3 Ne4 27. Qe3 Nd6
28. Qd3 Qe4 29. Qd1 Rac8 30. Re1 Qh4 31. Qxd5 Rxc2 32. Rg3+ Kh8 33. Bxc2 f4 34.
Qxd6 fxg3 35. Qxg3 Qxg3 36. hxg3 Ba3 37. Re4 {
remis - Osterman,G-Thomas,T, John,F Cleeve mem 1996}) 21... Kh8 22. Bxe4 fxe4
23. Qxd5 Be5 $2 (23... Qe6 24. Qd2 Bg7 25. Rd1 Rfd8 26. f3 e3 27. Qe2 d5 28.
Nc2 d4 $17) 24. Re3 f5 25. Nc4 Qe8 26. f4 Qb5 27. Qxb5 axb5 28. fxe5 $14 bxc4
29. exd6 Rfd8 30. Rxf5 (30. g4 fxg4 31. Rxe4 c3 32. Rxg4 Rxd6 33. Rc4 Rxa2 34.
Rg1 Rg6 35. Rxc3 Rxg1+ 36. Kxg1 $14) 30... Rxd6 (30... Rxa2 $2 31. h3 Rb2 32.
Rxe4 Rxb4 33. Rd5 Kg7 34. Re7+ $16) 31. h4 Rd4 32. Rf2 c3 33. Rxc3 Rxb4 34. Kh2
({silniej} 34. Re2 Rba4 35. Rc7 h5 36. Rc5 $16) 34... Rba4 35. Re3 (35. g4 $1 {
wyglada na logiczniejsze} Rxa2 36. Rxa2 Rxa2+ 37. Kg3 h6 38. Kf4 Rg2 39. Rc4
$16 {i mozna to wygrac?}) 35... Rxa2 {[%emt 0:00:00]} 36. Rxa2 Rxa2 37. Rxe4
Kg7 38. Re5 Kf6 {[%emt 0:00:00]} 39. Rd5 Ra3 {[%emt 0:00:00]} 40. g4 h6 41. Kg2
Rb3 42. Ra5 {Turniej niedokonczony.  mialem 9,5 z 13   +7   =5   -1} 1/2-1/2

[Event "email  TT-073 FICGS (Sternk,R)"]
[Site "?"]
[Date "2009.??.??"]
[Round "?"]
[White "Sternik, Ryszard POL"]
[Black "Krug, Martin ARG"]
[Result "1-0"]
[WhiteElo "1817"]
[BlackElo "1800"]
[PlyCount "117"]

1. e4 e5 2. d4 exd4 3. f4 Nc6 4. Bc4 Nf6 5. e5 d5 6. Bb5 (6. Bd3 Ng4 (6... Ne4
7. Nf3 Bb4+ 8. Nbd2 Bg4 9. O-O Nxd2 10. Bxd2 Qe7 11. a3 Bc5 12. Qe1 O-O-O 13.
b4 Bb6 14. a4 a6 15. b5 Nb8 16. Kh1 f6 17. bxa6 Nxa6 18. a5 Ba7 19. Qe2 Qe6 20.
Rfb1 c5 21. c4 Bf5 22. Bxf5 Qxf5 23. cxd5 Rxd5 24. Qc4 Qd7 {
Karker,N-Smith PWH, corr Cup 6/7 ICCF 1990 (remis-46)}) 7. a3 (7. Nf3 Bb4+ 8.
Bd2 Ne3 9. Qe2 Bg4 10. c3 Bc5 11. Bxe3 dxe3 12. h3 Bxf3 13. Qxf3 O-O $17) 7...
Bc5 8. Nf3 f6 9. b4 Bb6 10. b5 Ne7 11. Qe2 O-O 12. exf6 Ng6 13. Ne5 Ba5+ 14. c3
N6xe5 15. fxe5 Qe8 16. Bd2 Qxe5 $19 {
0:1 - Sternik,R-Carrizzo,J 2039 email TT-073 2009}) 6... Ne4 7. Nf3 Bc5 8. Nbd2
Bb6 $6 (8... O-O 9. Bd3 Nxd2 10. Bxd2 f6 11. O-O Bg4 $17 {1.03}) 9. Qe2 Bf5 10.
Bd3 (10. a3 Bg6 11. Bd3 Nc5 12. f5 Nxd3+ 13. Qxd3 Bh5 $17 {0.91}) 10... Nb4 11.
Nb3 c5 12. a3 Nc6 13. Ng5 (13. Nbd2 c4 14. Nxc4 dxc4 15. Bxe4 d3 16. cxd3 cxd3
17. Bxc6+ bxc6 18. Qd1 $17) 13... c4 14. Bxe4 Bxe4 $6 (14... dxe4 15. Qxc4 O-O
16. e6 fxe6 17. Nxe6 Bxe6 18. Qxe6+ Kh8 $19) 15. Nxe4 dxe4 16. Qxc4 Rc8 17. Qe2
Qd5 18. Nd2 d3 $2 (18... e3 19. Nc4 Bc5 20. b3 b5 21. Nd6+ Bxd6 22. exd6 Qxd6
23. O-O O-O $19) 19. Qxe4 $11 Nd4 20. Qxd5 Nxc2+ 21. Kf1 Ne3+ 22. Kf2 Nxd5+ $11
23. Kf3 Ke7 24. Ne4 f6 25. exf6+ Nxf6 26. Re1 (26. Ng5 Rc2 27. Re1+ Kf8 28. Be3
d2 29. Red1 h6 30. Bxb6 hxg5 31. fxg5 axb6 32. gxf6 Rxh2 33. fxg7+ Kxg7 $11)
26... Nxe4 27. Rxe4+ Kf7 28. Be3 Rc2 $2 (28... Bxe3 29. Kxe3 Rc2 30. Rd1 Rxg2
31. Rxd3 Rxb2 32. Rd7+ Kf6 33. Ree7 $11) 29. Bxb6 axb6 30. Rd4 Re8 31. Rxd3
Ree2 32. g3 h5 $6 (32... Rxh2 33. b4 Rhd2 34. Re3 Rf2+ 35. Kg4 Rfe2 36. Rxe2
Rxe2 37. Rc1 Re3 38. Rc7+ Re7 39. Rc8 $16) 33. h4 Ke6 (33... Rxb2 34. Rc1 b5
35. Rc5 Rf2+ 36. Ke4 Rfe2+ 37. Kd4 b4 38. a4 $16) 34. Rf1 Rxb2 35. Rd8 Kf7 (
35... Red2 36. Re1+ Kf7 37. Rxd2 Rxd2 38. Ke4 b5 39. Rb1 Re2+ 40. Kd4 Rd2+ 41.
Ke3 Rg2 42. Kf3 Ra2 43. Rb3 $16) 36. Rd7+ Re7 37. Rxe7+ $6 (37. Rfd1 Rxd7 38.
Rxd7+ Kf6 39. Rxb7 Rb3+ 40. Kg2 Rxa3 41. Rxb6+ $16 {
0.85 i Krol przed pionem, czyli remis}) 37... Kxe7 38. Re1+ Kd6 39. f5 Rb3+ 40.
Kf4 Rxa3 {biale maja piona mniej, ale to malo istotne. Predzej bialy pion
dojdzie do pola przemiany} 41. Re6+ Kd7 $6 (41... Kd5 42. Rg6 b5 43. Rxg7 b6
44. Rb7 Kc6 $16) 42. Rg6 $18 {
z latwa wygrana - zobaczmy dalej, ale tu partner mogl spokojnie zlozyc bron}
Ke8 (42... b5 43. Rxg7+ Kc6 44. f6 Ra8 45. g4 b4 46. gxh5 b3 47. Rg1 $18) 43.
Rxg7 b5 44. Rxb7 Ra4+ 45. Kg5 Rg4+ 46. Kxh5 Rxg3 47. Kh6 Rg4 48. h5 b4 49. Kh7
Rf4 50. h6 Rxf5 51. Kg6 Rf4 52. h7 Rh4 53. Rb5 Ke7 54. Rh5 Rxh5 55. Kxh5 Kd6
56. h8=Q Kd5 57. Qb2 Kc4 58. Kg4 Kb5 59. Qb3 {Wyniki:  1.Carrizo,J ARG        
2039  6  z 6  2.Kalczew,B Bulgaria  1800  5  3.Sternik,R                      
4} 1-0

[Event "email B-114 FICGS (Sternik,R)"]
[Site "?"]
[Date "2009.??.??"]
[Round "?"]
[White "Sternik, Ryszard POL"]
[Black "Cirulis, Ilmar LVA"]
[Result "1-0"]
[WhiteElo "1817"]
[BlackElo "1887"]
[PlyCount "41"]

1. e4 c5 2. Nf3 Nc6 3. d4 cxd4 4. Nxd4 Nf6 5. Nc3 e5 6. Ndb5 d6 7. Bg5 a6 8.
Bxf6 gxf6 9. Na3 h5 {
rzadko grywane - w swojej bazie mam tylko 5 partii na ten wariant} (9... b5 10.
Nd5 Bg7 11. Bd3 Ne7 12. Nxe7 Qxe7 13. O-O O-O 14. c3 f5 15. Nc2 Rb8 16. exf5 e4
17. Be2 $5 $146 Bxf5 18. Nb4 Qg5 19. Kh1 Be5 20. a4 $2 (20. Nxa6) 20... a5 $1
21. Nc6 bxa4 $1 {Adams,M-Kramnik,W, Wijk aan Zee 2001 (remis-34)}) 10. Nc4 (10.
Nd5 Be6 11. c3 f5 12. exf5 Bxf5 13. Qf3 Bg6 14. Nf6+ Ke7 15. Nd5+ Ke6 16. Nc4
e4 17. Qf4 b5 18. Ncb6 Rb8 19. Nf6 Ke7 20. Nbd5+ Ke6 {
Luniacek,P-Haspi,M, Czechy Liga 1995 (1:0-31)}) 10... f5 11. Bd3 ({
troche lepsze} 11. exf5 Bxf5 12. Nd5 Be6 13. c3 Bg7 14. Qf3 Rb8 15. Rd1 $14)
11... b5 12. Ne3 f4 $6 {slabe} (12... d5 13. Nexd5 b4 14. Na4 Rb8 15. O-O h4
16. h3 $14) 13. Ned5 Rg8 $5 (13... Be6 14. b4 Rc8 15. a4 Nxb4 16. axb5 Nxd5 17.
Nxd5 Bxd5 18. exd5 a5 $16 {tez z przewaga bialych}) 14. Rg1 h4 15. a4 b4 16.
Na2 Bg4 $6 (16... b3 17. cxb3 Nd4 18. Nac3 Bg4 19. Ne2 h3 $14 {
i tylko mala przewaga bialych.  Oba Krole w centrum!}) 17. Be2 ({lepsze} 17.
Qd2 b3 18. Nab4 Nxb4 19. Qxb4 bxc2 20. Bxa6 $16) 17... Bxe2 18. Qxe2 Nd4 19.
Qc4 f3 $2 (19... Be7 20. Nc7+ Kf8 21. Nxa8 Nf3+ 22. Ke2 Nxg1+ 23. Rxg1 b3 $14)
20. Naxb4 Rxg2 21. Rf1 {i czarne nie mialy checi dalej grac.  Wyniki:  1-2.
Dumont,F BEL, Sternik,R po 5 pkt  3.Spyros,L GRE                             4,
5} 1-0

[Event "email B-121 FIGCS (Sternik,R)"]
[Site "?"]
[Date "2009.??.??"]
[Round "?"]
[White "Sternik, Ryszard POL"]
[Black "Dragovic, Radimiro ITA"]
[Result "1-0"]
[WhiteElo "1864"]
[BlackElo "1792"]
[PlyCount "107"]

1. e4 c5 2. Nf3 d6 3. d4 cxd4 4. Nxd4 Nf6 5. Nc3 g6 6. Be2 Bg7 7. O-O O-O 8.
Kh1 (8. Re1 Nc6 9. Nb3 Be6 10. Bf1 a5 11. a4 Bxb3 12. cxb3 e6 13. Bc4 Nb4 14.
Bg5 h6 15. Bh4 Qb6 16. Rc1 Rac8 17. Bb5 Rfd8 18. Qf3 g5 19. Bg3 Nc6 20. h4 Nd4
21. Qd1 d5 22. hxg5 hxg5 23. exd5 exd5 24. Be5 Nxb5 25. axb5 d4 26. Na4 {
Iordachescu,V-Rausis,I, Magistrale 2000 (remis-106)}) 8... Bd7 (8... Nc6 9. Nb3
a6 10. a4 Be6 11. f4 Rc8 12. Be3 Nd7 13. Nd2 $5 Na5 14. f5 Bc4 15. Bd3 Ne5 $6 (
15... Bxd3 16. cxd3 Bxc3 17. bxc3 Rxc3) 16. Qe2 b5 17. axb5 axb5 18. Nf3 $1 b4
19. Nxe5 $1 {Kindermann,S-Yrjola, Dubai ol 1986 (1:0-39)}) 9. Be3 Nc6 10. f4
Nxd4 (10... Rc8 11. Qd2 Na5 12. f5 Nc4 13. Bxc4 Rxc4 14. b3 Rc8 15. Rac1 $6 (
15. Rad1 Qc7 16. Nd5 Nxd5 17. exd5 Qc3 18. Qe2 Be5 $11) 15... Qc7 16. Nde2 Ng4
$2 (16... Bc6 17. Qd3 Qa5 18. Rcd1 Qa6 19. Bd4 Qxd3 20. cxd3 $11) 17. Nd5 Qd8
18. Bxa7 Bc6 $6 (18... Bh6 19. Be3 Nxe3 20. Nxe3 e6 $14) 19. Bb6 Qd7 20. c4 Ra8
21. h3 Ne5 22. Be3 Ra3 $6 (22... Bxd5 23. exd5 gxf5 24. a4 $16) 23. Nec3 $18
Rfa8 {Mitsakos,A-Perez Toledo,A, Las Palmas op it 1996 (1:0-60)}) 11. Bxd4 $14
{0.57} a6 $6 (11... Bc6 12. Qd3 Qc7 13. Rae1 Rac8 14. Bf3 a6 $14 {0.50}) 12. e5
$16 dxe5 ({lepsze} 12... Ne8 13. Qd2 Bc6 14. Rad1 Qd7 $14 {0.56}) 13. fxe5 $16
{0.72} Ne8 14. Qe1 Bc6 15. Rd1 Qc7 16. Bf3 Bxf3 17. Rxf3 Rd8 18. Rh3 h6 19.
Rdd3 $14 {0.35 - teraz tak pokazuje Fritz 8} b5 20. a3 Qc4 21. Be3 Rxd3 22.
cxd3 Qb3 ({mozna bylo smialo grac} 22... Qxd3 23. Bxh6 Qc4 24. Rh4 Qe6 $11) 23.
Bc5 Qe6 (23... f6 24. Bxe7 Rf7 25. exf6 Qxb2 26. Rf3 Nxf6 27. Bc5 $11) 24. d4
Nc7 25. Rf3 Rd8 26. Qe4 Nd5 27. Kg1 $14 {minimalna przewaga} Nxc3 (27... Kh7
28. h4 h5 29. Rg3 Nxc3 30. bxc3 Rd7 $11) 28. bxc3 Kh7 29. Qf4 (29. Qh4 Rd7 30.
Qh3 Qxh3 31. gxh3 f5 $11) 29... f6 30. exf6 exf6 31. Re3 Qa2 32. h3 (32. Bb4
Rd5 33. Qf2 Qb3 34. Re1 Rg5 35. Qf3 $14 {0.35}) 32... Rd7 33. Qf3 Rc7 (33...
Rd5 $6 34. Kh2 Qd2 35. Re7 Rf5 36. Qe3 $16 {1.16}) 34. Qe4 a5 35. Qe6 Qxe6 36.
Rxe6 Rb7 37. g4 h5 (37... Kg8 {przerzut na pole f7 nic nie dawal} 38. Ra6 a4
39. Kf2 Kf7 40. Ke3 h5 41. gxh5 gxh5 42. Ke4 $18 {1.66}) 38. Kf2 hxg4 39. hxg4
f5 (39... Kg8 {teraz mozna zrobic przerzut} 40. Ra6 a4 41. Ra8+ Kf7 42. Kf3 $16
{1.00 - ale i tak przewaga jest na stronie bialych}) 40. g5 Rb8 41. Ke3 {
materialna rownowaga, ale wiece przestrzeni maja biale i teraz krok po kroku...
} Bf8 42. Kd3 ({albo} 42. Bxf8 Rxf8 43. Rb6 f4+ 44. Kf3 Rf5 45. Ra6 Rxg5 46.
Kxf4 Rf5+ 47. Ke4 b4 48. axb4 axb4 49. c4 $18 {z latwa wygrana}) 42... Bxc5 43.
dxc5 Kg7 44. Kd4 Rd8+ 45. Ke5 Rd3 46. c4 Re3+ 47. Kd6 Rxe6+ 48. Kxe6 b4 (48...
f4 49. c6 f3 50. c7 f2 51. c8=Q f1=Q 52. Qd7+ Kh8 53. cxb5 {z latwa wygrana})
49. c6 bxa3 50. c7 a2 51. c8=Q a1=Q 52. Qd7+ Kh8 53. c5 Qe1+ 54. Kf7 {
wynik:  1.Sternik,R     5,5   z 6  2.Lipsits,S,     4,5  3-4.Dragovic,T, Faust,
D  3.5} 1-0

[Event "email B-122 FICGS (Sternik,R)"]
[Site "?"]
[Date "2009.??.??"]
[Round "?"]
[White "Sternik, Ryszard POL"]
[Black "Yague, Omar ARG"]
[Result "1-0"]
[WhiteElo "1864"]
[BlackElo "1716"]
[PlyCount "99"]

1. e4 e5 2. Nf3 Nf6 3. Nc3 Nc6 4. Bb5 Nd4 5. Ba4 c6 6. O-O Qa5 7. Re1 Bb4 (7...
d6 8. h3 b5 9. Nxd4 exd4 10. e5 dxe5 11. Qf3 Bd7 12. Rxe5+ Kd8 13. b4 Qc7 14.
Rxb5 dxc3 15. dxc3 cxb5 16. Qxa8+ Qc8 17. Qxa7 bxa4 18. Bg5 Be7 19. Rd1 Ke8 20.
a3 h6 {Tarakanow,O-Sepp,O, Estonia ch club 2002 (1:0-36)}) 8. Nxd4 exd4 9. e5
Ng8 10. Bb3 (10. Qg4 {Fritz 8 uznaje za slabe} dxc3 11. Qxg7 cxd2 12. Bxd2 Bxd2
13. Qxh8 Bxe1 14. Qxg8+ Ke7 15. Qg5+ Ke8 16. Qg8+ Ke7 17. Qg5+ Kf8 18. Qf6
Bxf2+ 19. Kxf2 Qxa4 20. Qd8+ Kg7 21. Qf6+ {
remis - Riemersma,L-Gausel,E, Gausdal 1993}) 10... dxc3 (10... Ne7 11. Ne4 Qxe5
12. c3 Ba5 13. cxd4 Qxd4 (13... Qc7 $6 14. d5 d6 15. Qh5 O-O 16. dxc6 Nxc6 17.
Ng5 Bf5 18. Nxf7 $16) 14. Bxf7+ Kxf7 15. Qh5+ Ng6 16. Qf5+ Kg8 17. Ng5 Qf6 18.
Re8+ Nf8 19. Qxa5 $16) 11. dxc3 $14 Be7 {biale bez figury, ale lepiej
rozwiniete - czarne maja trudnosci z rozwinieciem sie} 12. Qg4 Kf8 13. Qc4 Qd5
14. Qf4 g5 15. Qg3 $16 {1.03} Qc5 16. Qf3 d5 17. exd6 Bf6 {broni punktu f7} 18.
Re7 $1 Be6 (18... Qxd6 $4 19. Rxf7+ {i tylko mozna zlozyc bron}) 19. Bxe6 fxe6
20. Rxb7 $14 {0.69 - jak program ocenia pozycje. Kazdy z nas oceni to inaczej,
kazdy z nas prowadzi inaczej atak} h5 21. Qd3 Qd5 22. Be3 Qxd3 23. cxd3 $16 {
0.91 - Skoczek za 3 piony} Nh6 24. Bxa7 Nf7 25. Bc5 Kg7 26. a4 Kg6 27. a5 Rhd8
28. a6 Nxd6 29. Rb6 Ne8 $6 (29... Rac8 30. a7 Nb5 31. Kf1 Nxa7 32. Rxa7 Rxd3
33. Raa6 $16 {1.13}) 30. Rxc6 Rxd3 31. h4 gxh4 (31... g4 32. Rxe6 Kf7 33. Re2
Bxh4 34. Re5 Rd2 35. Rxh5 $16 {
falanga pionowa na skrzydle hetmanskim zadecyduje}) 32. Rxe6 Rd5 33. Rc6 Kf5
34. a7 Be5 35. Kf1 Nf6 36. Ke2 Ng4 (36... Ne4 37. Be3 Rb5 38. Ra2 $18 {
2.03 i wygrywa}) 37. Bb6 Rb5 38. Ra2 Nf6 {reszta nie wymaga komentarzy} 39. Be3
Ng4 40. Rc5 Rxc5 41. Bxc5 Nf6 42. c4 Ne4 43. Be3 Bc3 44. f3 Ng3+ 45. Kd3 Bb4
46. Ra4 Be1 47. b4 Nf1 48. Bd4 h3 49. gxh3 Nh2 50. Ke2 {Wyniki:  1.2-Langaro,C
BRA   5,5  z 6  1800  Dineen,T ENG            5,5         1890  3.Sternik,R   
4} 1-0

[Event "email CL-105-001 MAPEJK (Sternik,R)"]
[Site "?"]
[Date "2009.??.??"]
[Round "?"]
[White "Sternik, Ryszard POL"]
[Black "Pensimus, Petr CZE"]
[Result "1/2-1/2"]
[WhiteElo "1838"]
[BlackElo "1789"]
[PlyCount "55"]

1. e4 e5 2. Nf3 Nc6 3. d4 exd4 4. Bc4 Bb4+ 5. c3 dxc3 6. O-O cxb2 $2 {
znak Konikowskiego} 7. Bxb2 Nf6 8. e5 Nh5 (8... Ng4 9. a3 Ba5 10. Qa4 h5 11. h3
Nh6 12. Bd5 Bb6 13. Qe4 Qe7 14. Nbd2 Nd8 15. Rfd1 Rb8 16. Qc2 Ne6 17. a4 Bc5
18. Ne4 b6 19. Bc1 {Sternik,R-Hakuc,W, email Arctic Cirkle FIN 2005 (1:0-52)})
9. a3 Be7 10. Bc1 (10. Nc3 O-O 11. Nd5 d6 12. exd6 Bxd6 13. h3 Ne7 14. Ng5 Be6
15. Qxh5 h6 16. Nxe6 fxe6 17. Nxe7+ Qxe7 18. Qg6 Rae8 19. Bd3 e5 20. Qh7+ Kf7
21. Bc4+ Kf6 22. f4 Rh8 23. fxe5+ Kg5 24. Bc1+ Kh5 25. Qf5+ Kh4 26. Qg4# {
1:0 - Shim Ng Min,F-Bopp,T, Q3 0.00035 1999}) 10... O-O 11. Bd5 d6 ({lepsze} 
11... g6 12. Bh6 Ng7 13. Nc3 d6 14. Bxc6 bxc6 15. Qa4 Bd7 $15 {0.63}) 12. Bxc6
bxc6 13. Nd4 g6 14. Nxc6 Qe8 15. Qf3 Bd7 16. Nxe7+ Qxe7 17. exd6 Qxd6 18. Nc3
Bc6 19. Qg4 Qc5 $15 20. Ne2 Nf6 $6 (20... Qe5 21. Be3 f5 22. Qg5 Bb5 23. Ra2
Ng7 24. Bd4 Qe6 $17 {i niespodziewanie czarne maja duza przewage - 0.82}) 21.
Qh4 Nd5 22. Bb2 Qc2 23. Nd4 Qxb2 24. Rfb1 Qd2 25. Rd1 Qc3 26. Rdc1 Qd3 27. Nxc6
Rfe8 28. Rd1 {Wyniki turnieju 15-osobowego:  1.Hlavica,B      11    z 13 (ze
slabym)  2.Sternik          11    z 13 (z Pechem)  3.Pech,J           10    z
11  4.Pensimus,P    9,5  z 12  Tylko ta czworka walczy o zwyciestwo.} 1/2-1/2

[Event "email TT-74 FICGS (Sternik,R)"]
[Site "?"]
[Date "2009.??.??"]
[Round "?"]
[White "Sternik, Ryszard POL"]
[Black "d'Ettore, Rodolfo VEN"]
[Result "1/2-1/2"]
[WhiteElo "1817"]
[BlackElo "1923"]
[PlyCount "55"]

1. e4 d5 2. exd5 Qxd5 3. Nc3 Qe5+ (3... Qd8 4. d4 Nf6 5. Bc4 c6 6. Nf3 Bf5 7.
Ne5 e6 8. g4 Bg6 9. h4 Nbd7 10. Nxd7 Qxd7 11. h5 Be4 12. Nxe4 Nxe4 13. c3 O-O-O
14. Qe2 Nf6 15. Bd2 Bd6 16. O-O-O Rhe8 17. f4 Qc7 {
Swidler,P-Adams,M, Frankfurt West Masters rapid 1999 (remis-41)}) (3... Qa5 4.
d4 Nf6 5. Nf3 c6 6. Bc4 Bf5 7. Bd2 e6 8. Nd5 Qd8 9. Nxf6+ gxf6 10. Qe2 Bxc2 11.
Rc1 $146 Bg6 12. O-O Be7 13. Rfe1 O-O 14. Nh4 Re8 15. Nxg6 hxg6 16. Bxe6 $1
fxe6 17. Qxe6+ Kg7 18. Rc3 Qc7 19. Qe2 $1 {
Zhang Zhong-Nisipeanu,L-D, Cap d'Adge B 2000 (0:1-33)}) 4. Be2 c6 5. Nf3 Qc7 6.
d4 Bf5 7. Nh4 $14 {0.53 Fritz 8} (7. Be3 e6 8. Qd2 Nf6 9. Nh4 Bg6 10. Bf4 Bd6
11. Bxd6 Qxd6 12. O-O-O Nbd7 13. Nxg6 hxg6 14. h3 Nb6 15. Kb1 O-O-O 16. Qg5 Rd7
17. Qa5 Kb8 18. Bf3 Rh4 19. Ne2 Nfd5 20. Rd3 Nc4 21. Qa4 b5 22. Qb3 a5 {
Shaw,D-Zeidler,S, Oxford University Wales 2004 (1:0-41)}) 7... Bg6 (7... Bc8 8.
O-O Nf6 9. Nf3 Nbd7 10. Qd3 e6 11. Ne4 $14 {0.44}) 8. Nxg6 hxg6 9. h3 {slabe} (
9. h4 $1 e6 10. Qd3 Nd7 11. Bg5 Ngf6 12. O-O-O O-O-O 13. Qe3 $14 {0.41}) 9...
Nf6 10. Qd3 Nbd7 11. Bg5 $11 O-O-O 12. O-O-O e6 13. h4 Be7 14. g3 Nb6 15. Kb1
Kb8 16. Qf3 (16. Qe3 Rde8 17. Bf4 Bd6 18. Bxd6 Qxd6 19. Ne4 Nxe4 20. Qxe4 $11)
16... Rd7 17. Ne4 Nxe4 18. Qxe4 Nd5 {partner dobrze sie broni} 19. c4 Nf6 20.
Qe3 Rhd8 21. Bf4 Bd6 22. Be5 Bxe5 23. dxe5 $14 {
Fritz 8 pokazuje przewage 0.57, ale z tego nic nie wynika} Ng8 24. Rxd7 Rxd7
25. Rd1 Nh6 26. Qc5 Rxd1+ 27. Bxd1 Qd8 28. Bc2 {Wenezuelczyk zaproponowal
remis, i trudno tu liczyc na jakis blad z jego strony, wiec.... zgodzilem sie.
Wyniki:  1-2. d'Ettore,R, 1923  5,5  z 6   Sternik,R           1817 5,5   3.
Andreoni,M 1800     4} 1/2-1/2